El Horizonte de la descentralización / Ramón Martín Mateo
Descripción Física:
266 p. ; 22 cm
Colección:
Estudios de administración local ; 1
MARC
| LEADER | 00000nam a2200000Ia 4500 | ||
|---|---|---|---|
| 001 | 14158 | ||
| 008 | 160829s1969 xx 000 0 cat d | ||
| 080 | |a M-4-139 | ||
| 100 | |a Martín Mateo, Ramón |9 25044 | ||
| 245 | |a El Horizonte de la descentralización / Ramón Martín Mateo | ||
| 260 | |a Madrid : |b Instituto de Estudios de Administración Local, |c 1969 | ||
| 300 | |a 266 p. ; |c 22 cm | ||
| 490 | |a Estudios de administración local ; 1 | ||
| 590 | |a Notes, referències bibliogràfiques | ||
| 650 | 0 | |a Descentralització administrativa |9 18273 | |
| 650 | |a Regionalisme |9 45995 | ||
| 710 | 2 | |a Instituto de Estudios de Administración Local (Espanya) |9 54775 | |
| 901 | |a Arxiu | ||
| 942 | |n 1 | ||
| 952 | |0 0 |1 0 |4 0 |6 M4139 |7 1 |9 43424 |a Arxiu |b Arxiu |d 2016-12-01 |l 0 |o M-4-139 |p 14158 |r 2016-12-01 00:00:00 |w 2016-12-01 |y ARXIU | ||
| 999 | |c 45970 |d 45970 | ||